00641nam a2200229 a 4500001001300000003000900013005001700022008004100039020001000080082001300090100002000103245001900123260004700142300000900189500003500198650001500233700002000248902000800268942000700276952011300283999001500396nice12345678IN_TiNIC20260116011657.0050524s1961 mada grp 000 0 eng  ac10000a226bPAU aPaul, Rajaiah D aChosen Vessels aMadrasbChristian Literature Societyc1961 a275p aincludes index and biblioraphy aBible-Acts1 aPaul, Rajaiah D bSRS cBK 001040708StackRoom-aHMIbHMId2008-09-11g100.00l0o226 PAUp08409r2008-09-11v100.00w2005-05-24yBK c3347d3347